Dans quel album de Taylor Swift peut-on ranger ces chansons ? - Statistiques

Statistiques générales
  • Ce quiz a été pris 8 fois
  • Le résultat moyen est 28 sur 48
Statistiques - réponses
Question Tuile Select % Correct
Lover Haunted Non
100%
Lover no body, no crime Non
100%
Lover Sad Beautiful Tragic Non
100%
1989 Should've Said No Non
100%
1989 willow Non
100%
Lover You're On Your Own, Kid Non
100%
Reputation 22 Non
86%
1989 august Non
86%
Reputation Bad Blood Oui
86%
Reputation Begin Again Non
86%
1989 Fearless Non
86%
Folklore I Knew You Were Trouble Non
86%
Folklore Karma Non
86%
Reputation Love Story Non
86%
Lover Call it what you want Oui
71%
Folklore End Game Non
71%
1989 False God Non
71%
Folklore I Think He Knows Non
71%
Reputation Mean Non
71%
Folklore Shake It Off Non
71%
Reputation Better Than Revenge Non
57%
Reputation Cardigan Non
57%
1989 I Think He Knows Oui
57%
1989 So It Goes Non
57%
Lover This is why we can't have nice things Non
57%
Lover This Love Oui
57%
1989 Bejeweled Oui
43%
Lover But Daddy I Love Him Oui
43%
Folklore Cassandra Oui
43%
Lover Delicate Oui
43%
1989 Dress Oui
43%
1989 Girl At Home Oui
43%
Folklore loml Oui
43%
Folklore New Year's Day Oui
43%
1989 Paris Oui
43%
Lover So High School Oui
43%
Folklore The Albatross Oui
43%
Folklore Treacherous Non
43%
Reputation Vigilante Shit Oui
43%
Folklore Chloe or Sam or Sophia or Marcus Oui
29%
Lover Guilty as Sin? Oui
29%
Lover mirrorball Oui
29%
1989 The Very First Night Oui
29%
Reputation Closure Oui
14%
Reputation Glitch Oui
14%
Reputation Maroon Oui
14%
Reputation My boy only breaks his favorite toys Oui
14%
Folklore The Smallest Man Who Ever Lived Oui
14%
Aucun quiz correspondant
Distribution des résultats
% des personnes avec chaque résultat
Percentile par nombre de réponses
Votre historique - résultats
Vous n’avez pas pris ce quiz